| 000 | 01450nam a22003374a 4500 | ||
|---|---|---|---|
| 001 | ebr10006808 | ||
| 003 | CaPaEBR | ||
| 006 | m u | ||
| 007 | cr cn||||||||| | ||
| 008 | 010601s2002 enka sb 001 0 eng | ||
| 010 | _z 2001037393 | ||
| 020 | _z0521810418 (hbk.) | ||
| 040 |
_aCaPaEBR _cCaPaEBR |
||
| 035 | _a(OCoLC)52611389 | ||
| 050 | 1 | 4 |
_aBS2655.S54 _bC37 2002eb |
| 082 | 0 | 4 |
_a241/.3/092 _221 |
| 100 | 1 |
_aCarter, T. L. _q(Timothy Leonard), _d1963- |
|
| 245 | 1 | 0 |
_aPaul and the power of sin _h[electronic resource] : _bredefining 'Beyond the pale' / _cT.L. Carter. |
| 260 |
_aCambridge ; _aNew York : _bCambridge University Press, _c2002. |
||
| 300 |
_axiv, 241 p. : _bill. |
||
| 490 | 1 |
_aSociety for New Testament Studies monograph series ; _v115 |
|
| 504 | _aIncludes bibliographical references (p. 210-226) and indexes. | ||
| 533 |
_aElectronic reproduction. _bPalo Alto, Calif. : _cebrary, _d2013. _nAvailable via World Wide Web. _nAccess may be limited to ebrary affiliated libraries. |
||
| 630 | 0 | 0 |
_aBible. _pN.T. _pEpistles of Paul _xSocio-rhetorical criticism. |
| 650 | 0 |
_aSin _xBiblical teaching. |
|
| 650 | 0 | _aGentiles in the New Testament. | |
| 655 | 7 |
_aElectronic books. _2local |
|
| 710 | 2 | _aebrary, Inc. | |
| 830 | 0 |
_aMonograph series (Society for New Testament Studies) ; _v115. |
|
| 856 | 4 | 0 |
_uhttp://site.ebrary.com/lib/rucke/Doc?id=10006808 _zAn electronic book accessible through the World Wide Web; click to view |
| 999 |
_c338 _d338 |
||